01142 2200349 4500001002100000005001500021035002000036007000300056008004100059020002200100082001700122084001900139100002900158245013500187300002400322650003600346700003500382700003500417700004200452700003100494700003100525504003200556264003000588336002100618337003000639338002300669040002200692090002200714850001200736999002200748990002200770INLIS00000000087869220230523103309 a0010-0523000569ta230523s2023 yoi g 000 0 ind d a978-979-21-7522-604223a499.2215 a499.2215 JUA t0 aJuandad1969-ePengarang10aTertib berbahasa Indonesia /cJuanda, Cece Sobarna, Nani Darheni, Taufik Setyadi Aras ; penyunting, Flora Maharani, Erni Setyowati a96 halaman ;c23 cm 4aBahasa Indonesia--vTata bahasa0 aCece Sobarnad1964-ePengarang0 aNani Darhenid1971-ePengarang0 aTaufik Setyadi Arasd1991-ePengarang0 aFlora MaharaniePenyunting0 aErni SetyowatiePenyunting aBibliografi : halaman 89-9031aSleman :bKanisius,c2023 2rdacontentateks 2rdamediaatanpa perantara 2rdacarrieravolume aYOPDYOGbinderda aCB-D.11 2023-0409 aYOPDYOG aCB-D.11/2023-0409 aCB-D.11/2023-0409